| 000 | 00389nam a22001217a 4500 | ||
|---|---|---|---|
| 082 | _a200 THE | ||
| 100 |
_aMahrukh _928979 |
||
| 245 | _aTH-SOF-1625-Fault Detection and Isolation Using Sliding Mode Observer for Descriptor Systems | ||
| 260 |
_aISLAMABAD _bNUST COLLEGE OF EME _c2018 |
||
| 650 | _aMS-ELECT-2016 MSTHESIS | ||
| 700 |
_aSupervisor Dr. Muwahida Liaquat _969768 |
||
| 942 | _cCF | ||
| 999 |
_c576902 _d576902 |
||